000 00407nam a2200109Ia 4500
008 220204s9999 xx 000 0 und d
082 _a630*1
_bDEF
245 0 _aDeforestation, drought and desertification: Perceptions on a growing ecological crisis
260 _aNew delhi
_bIndian National trust for art and cultural heritage
_c1989
490 _aStudies in ecology and sustainable development 2
942 _cBK
999 _c40733
_d40733